Najbardziej zaludnione województwa - Statystyki

Ogólne statystyki
  • Ten quiz został rozwiązany 148 razy
  • Średni wynik to 5 z 6
Statystyki odpowiedzi
Populacja Województwo % Poprawnych
5 512 800 Mazowieckie
100%
4 375 900 Śląskie
94%
3 500 000 Wielkopolskie
90%
3 430 400 Małopolskie
89%
2 897 700 Dolnośląskie
84%
2 394 900 Łódzkie
73%
Nie znaleziono quizów pasujących do podanych kryteriów
Rozkład punktacji
Procent ludzi z każdym wynikiem
Percentyl według liczby udzielonych odpowiedzi
Twoja historia wyników
Nie rozwiązałeś tego quizu